00633 a2200169 45000010006000000050017000060080041000230030015000640400040000790800038001192450067001572500009002242640033002333000031002665050144002971000022004415037620260407155802.0260407a1959 arg spa dAR-UNSa-BCEJYS aAR-UNSa-BCEJYSbspacAR-UNSa-BCEJYS a1(09)xHistoria de la Filosofía10aEl pensamiento antiguopHistoria de la Filosofia Greco- Romana a4ed. 1aBuenos Aires :bLosadac1959 a2 v. (293; 442 p.)c20 cm. aLIBRO I. El predominio del problema cosmológico – LIBRO II. El predominio del problema antropológico – LIBRO III. Grandes sistemas.1 aMondolfo, Rodolfo